000
00336nam a2200109Ia 4500
008
221009s9999 xx 000 0 und d
082
_a
891.433
100
_a
मेहता, श्रीनरेश
_9
55869
245
0
_a
प्रथम फाल्गुन
260
_b
लोकभारती प्रकाशन
942
_c
BK
999
_c
65376
_d
65376